Valorant agents by abilities (hard) - Statistics

General Stats
  • This quiz has been taken 22 times
  • The average score is 24 of 29
Answer Stats
Hint Answer % Correct
Barrier Mesh, Sonic Sensor Deadlock
100%
Shock Bolt, Recon Bolt Sova
100%
Trademark, Headhunter Chamber
95%
Trapwire, Spycam Cypher
95%
Dizzy, Most Pit Gekko
95%
Nanoswarm, Turret Killjoy
95%
Dark Cover, Paranoia Omen
95%
Paint Shells, Blast Pack Raze
95%
Barrier Orb, Slow Orb Sage
95%
Toxic Screen, Snakebite Viper
95%
Incendiary, Sky Smoke Brimstone
90%
Seize, Prowler Fade
90%
Cloudburst, Tailwind Jett
90%
Curveball, Blaze Phoenix
90%
Flashdrive, Fragment KAY/O
86%
Shear, Razorvine Vyse
86%
Guided Salvo, Special Delivery Tejo
81%
Saturate, Refract Waylay
81%
Blindside, Gatecrash Yoru
81%
Dissipate, Gravity Well Astra
76%
Cascade, Cove Harbor
76%
Leer, Devour Reyna
76%
Harmonize, Waveform Miks
71%
Meddle, Ruse Clove
67%
Contingency, Undercut Iso
67%
Guiding Light, Trailblazer Skye
67%
Fault Lines, Flashpoint Breach
62%
High Gear, Relay Bolt Neon
62%
Crosscut, Chokehold Veto
62%
No matching quizzes found
Score Distribution
Percent of People with Each Score
Percentile by Number Answered
Your Score History
You have not taken this quiz